000 00725nam a22002177a 4500
003 OSt
005 20230726093909.0
008 221006b |||||||| |||| 00| 0 eng d
040 _cBiblioteca Lado V
082 _a779
_bH344t
100 _9908
_aHasbun, Muriel
_eautora
245 _aTerruño: detrás del telón/
260 _bCentro Cultural de España
_c2006
_aEl Salvador
300 _c17x17cm
_a28p.
366 _espa
650 _2Tesauro de Arte & Arquitectura
_aARTE
_9703
650 _2Tesauro de Arte & Arquitectura
_aFOTOGRAFIA
_9702
650 _2Tesauro de Arte & Arquitectura
_aEXPOSICION
_9702
651 _2Tesauro de Arte & Arquitectura
_aEL SALVADOR
942 _2ddc
_c1
_h779
_iH344t
_n0
999 _c4083
_d4083